000 00907nam a22002537a 4500
005 20170123162342.0
010 _aB-209088
020 _c300.00
_a8182231698
035 _aB-209088
037 _bCen Lib/Ret
040 _aDPL
_bUR
082 _a842
_bی و گ
100 _aیوگراج
_941420
245 _aرنگ زندگی کے :
_cیوگراج
_bاسٹیج ڈراموں کا مجمع /
246 _aRang zindagi ke : stage dramon ka majmua /
_bby Yogesh
260 _a دہلی
_bایجوکیشنل پبلشنگ ہاؤس
_c2005
270 _a٣١٠٨، گلی عزیزددیں وکیل کوچہ پنڈت لال کوان
_b دہلی
_e110006
300 _a479p.
_c21cm(Hb)
650 _a ادب - اردو
_9127689
650 _a اردو ڈرامہ
_9127690
650 _aLiterature -- Urdu
_9127691
650 _aUrdu drama
_9127692
942 _2ddc
_cUR
_h842
_mی و گ
999 _c108581
_d108581